Sports Quiz

Random Sports or NHL Quiz

NHL.com Top 275 Fantasy Players 2014-15 Quiz Stats

 Plays Quiz not verified by Sporcle

Challenge
Share
Tweet
Embed
Score 0/275 Timer 20:00
0 Plays Today
Team (Position) Player % Correct
PIT (C)Sidney Crosby
97.9%
TBL (C)Steven Stamkos
97.9%
CHI (RW)Patrick Kane
97.6%
WAS (RW)Alex Ovechkin
97.4%
BOS (G)Tuukka Rask
97.4%
ANA (RW) Corey Perry
97.1%
PIT (C)Evgeni Malkin
97.1%
NYR (G)Henrik Lundqvist
97.1%
CHI (C)Jonathan Toews
97.1%
WPG (LW)Evander Kane
97.1%
NYI (C)John Tavares
96.6%
ANA (C)Ryan Getzlaf
96.3%
PHI (C)Claude Giroux
96.3%
LAK (G)Jonathan Quick
96.3%
TOR (RW)Phil Kessel
96.1%
MTL (D)PK Subban
96.1%
DAL (C)Tyler Seguin
95.8%
LAK (C)Anze Kopitar
95.8%
CHI (LW)Patrick Sharp
95.8%
VAN (LW)Daniel Sedin
95.8%
VAN (C)Henrik Sedin
95.8%
DET (LW)Henrik Zetterberg
95.5%
EDM (LW)Taylor Hall
95.3%
WAS (C)Niklas Backstrom
95.3%
SJS (C)Joe Thornton
95.3%
DET (C)Pavel Datsyuk
94.7%
OTT (D)Erik Karlsson
94.5%
NAS (D)Shea Weber
94.5%
MIN (LW)Zach Parise
94.5%
MTL (G)Carey Price
94.2%
CHI (D)Duncan Keith
93.9%
BOS (D)Zdeno Chara
93.9%
DAL (LW)Jamie Benn
93.7%
BOS (C)Patrice Bergeron
93.4%
SJS (C)Joe Pavelski
93.2%
TBL (G)Ben Bishop
92.9%
COL (C)Nathan MacKinnon
92.6%
STL (C)David Backes
92.6%
CAR (C)Eric Staal
92.6%
LAK (D)Drew Doughty
92.6%
ARZ (G)Mike Smith
92.6%
SJS (LW)Patrick Marleau
92.4%
COL (C)Matt Duchene
92.1%
CHI (RW)Marian Hossa
92.1%
PIT (G)Marc-Andre Fleury
92.1%
BOS (RW)Reilly Smith
92.1%
NAS (C)Craig Smith
92.1%
DAL (C)Jason Spezza
91.6%
PIT (LW)Chris Kunitz
91.3%
CBJ (G)Sergei Bobrovsky
91.3%
MTL (LW)Max Pacioretty
91.3%
CHI (G)Corey Crawford
91.3%
NJD (G)Cory Schneider
91.1%
SJS (G)Antti Niemi
91.1%
MIN (D)Ryan Suter
91.1%
SJS (C)Logan Couture
90.5%
NYR (LW)Rick Nash
90.5%
NAS (G)Pekka Rinne
90.5%
COL (G)Semyon Varlamov
90.3%
BOS (LW)Milan Lucic
90.3%
FLA (G)Roberto Luongo
90.3%
COL (LW)Gabriel Landeskog
90%
STL (D)Alex Pietrangelo
90%
NAS (LW)James Neal
90%
NYR (RW)Martin St. Louis
89.7%
PIT (D)Kris Letang
89.7%
VAN (G)Ryan Miller
89.7%
CBJ (D)Jack Johnson
89.2%
PHI (RW)Wayne Simmonds
88.9%
TBL (C)Tyler Johnson
88.9%
COL (D)Erik Johnson
88.9%
BOS (C)David Krejci
88.7%
CHI (D)Brent Seabrook
88.4%
NYI (RW)Kyle Okposo
87.9%
LAK (C)Jeff Carter
87.6%
EDM (RW)Jordan Eberle
87.6%
WPG (LW)Andrew Ladd
87.6%
ANA (C)Ryan Kesler
87.4%
ARZ (D)Keith Yandle
87.1%
DAL (G)Kari Lehtonen
86.8%
STL (RW)TJ Oshie
86.8%
CBJ (C)Ryan Johansen
86.6%
WPG (RW)Blake Wheeler
86.6%
WAS (D)Mike Green
86.6%
MIN (RW)Thomas Vanek
86.3%
ARZ (D)Oliver Ekman-Larsson
86.1%
DET (G)Jimmy Howard
86.1%
LAK (RW)Marian Gaborik
85.8%
NYR (D)Ryan McDonagh
85.8%
TBL (D)Victor Hedman
85.3%
EDM (C)Ryan Nugent-Hopkins
85.3%
PHI (RW)Jakub Voracek
85%
Team (Position) Player % Correct
MIN (C)Mikko Koivu
85%
TOR (LW)James van Riemsdyk
84.5%
CAR (LW)Jeff Skinner
84.2%
PHI (G)Steve Mason
83.9%
CHI (C)Brad Richards
83.9%
OTT (RW)Bobby Ryan
83.7%
STL (C)Paul Stastny
83.7%
WAS (G)Braden Holtby
83.7%
LAK (C)Mike Richards
83.7%
STL (LW)Alex Steen
83.4%
NYR (C)Derek Stepan
83.4%
WPG (RW)Dustin Byfuglien
83.2%
COL(RW)Jarome Iginla
83.2%
STL (G)Brian Elliott
83.2%
COL (C)Ryan O'Reilly
82.9%
TOR(G)Jonathan Bernier
82.9%
STL (D)Kevin Shattenkirk
82.6%
CAR (G)Cam Ward
82.1%
NJD (RW)Jaromir Jagr
81.8%
BOS (LW)Brad Marchand
81.8%
NYI (G)Jaroslav Halak
81.8%
CAL (D)Mark Giordano
81.6%
OTT (G)Craig Anderson
81.3%
ANA (G)John Gibson
80.8%
CGY (G)Jonas Hiller
80.5%
MIN (RW)Jason Pominville
79.7%
OTT (C)Kyle Turris
79.5%
TOR (D)Dion Phaneuf
79.5%
DET (RW)Gustav Nyquist
79.2%
DET (D)Niklas Kronwall
78.9%
LAK (RW)Dustin Brown
78.9%
PIT (RW)Patric Hornqvist
78.7%
MTL (D)Andrei Markov
78.7%
ANA (G)Frederik Andersen
78.7%
WPG (C)Bryan Little
77.9%
ARZ (RW)Shane Doan
77.6%
CHI (LW)Brandon Saad
76.8%
ANA (D)Cam Fowler
76.8%
STL (RW)Vladimir Tarasenko
76.8%
BOS (D)Torey Krug
76.6%
CAR (RW)Alex Semin
76.6%
TBL (RW)Ryan Callahan
76.6%
LAK (RW)Justin Williams
76.3%
NYR (D)Dan Boyle
75.8%
TBL (LW)Ondrej Palat
75.5%
CBJ (LW)Scott Hartnell
75.5%
BOS (LW)Loui Eriksson
75.3%
VAN (RW)Radim Vrbata
74.2%
BUF (LW)Matt Moulson
74.2%
NAS (D)Seth Jones
73.9%
LAK (G)Martin Jones
73.9%
EDM (LW)David Perron
73.7%
TOR (LW)Joffrey Lupul
73.7%
TOR (C)Tyler Bozak
73.7%
TOR (C)Nazem Kadri
73.4%
CBJ (C)Brandon Dubinsky
73.2%
NJD (LW)Patrik Elias
73.2%
MTL (C)Tomas Plekanec
73.2%
WAS (D)Matt Niskanen
72.9%
SJS (D)Brent Burns
72.6%
PIT (RW)Pascal Dupuis
72.4%
STL (G)Jake Allen
71.8%
STL (D)Jay Bouwmeester
71.8%
NYR (LW)Mats Zuccarello
71.3%
EDM (G)Ben Scrivens
70.3%
DET (RW)Johan Franzen
70.3%
MIN (G)Josh Harding
70%
NAS (C)Mike Ribeiro
70%
WPG (G)Ondrej Pavelec
70%
SJS (LW)Tomas Hertl
69.7%
FLA (C)Jonathan Huberdeau
69.7%
MTL (C)Alex Galchenyuk
69.7%
NJD (LW)Mike Cammalleri
69.5%
NAS (D)Roman Josi
69.2%
MTL (RW)Brendan Gallagher
68.9%
WAS (D)John Carlson
68.9%
TOR (G)James Reimer
68.9%
PHI (C)Brayden Schenn
68.7%
EDM (D)Justin Schultz
68.7%
BOS(D)Dougie Hamilton
68.2%
CBJ (D)James Wisniewski
67.1%
VAN (D)Alex Edler
67.1%
CAR (G)Anton Khudobin
66.6%
NYR (LW)Chris Kreider
66.3%
COL (D)Tyson Barrie
66.3%
PHI (D)Mark Streit
66.3%
LAK (D)Slava Voynov
66.1%
FLA (D)Brian Campbell
66.1%
EDM (RW)Nail Yakupov
66.1%
MIN (G)Darcy Kuemper
65.5%
STL (LW)Jaden Schwartz
65.3%
MIN (C)Mikael Granlund
65.3%
Team (Position) Player % Correct
DAL (RW)Ales Hemsky
65.3%
DAL(D)Alex Goligoski
64.7%
CGY (LW)Jiri Hudler
64.7%
LAK (RW)Tyler Toffoli
64.7%
TBL (LW)Jonathan Drouin
64.5%
CGY (C)Sean Monahan
64.2%
BUF (C)Tyler Ennis
64.2%
PIT (D)Christian Ehrhoff
63.9%
TBL (C)Valtteri Filppula
62.6%
MTL (C)David Desharnais
62.6%
NJD (C)Travis Zajac
62.4%
WAS (C)Evgeny Kuznetsov
62.1%
PIT (D)Olli Maatta
62.1%
DET (LW)Tomas Tatar
61.6%
BUF (C)Cody Hodgson
61.3%
BUF (G)Jhonas Enroth
61.3%
CAR (D)Justin Faulk
61.3%
WPG (D)Tobias Enstrom
61.3%
CHI (C)Andrew Shaw
60.5%
NYR (C)Derick Brassard
59.7%
TOR (D)Cody Franson
58.4%
BUF (D)Tyler Myers
58.4%
ARZ (C)Sam Gagner
58.2%
ARZ (LW)Mikkael Boedker
57.9%
CBJ (RW)Nathan Horton
57.9%
SJS (G)Alex Stalock
57.6%
VAN (D)Kevin Bieksa
57.1%
CAR (D)Andrej Sekera
56.8%
WPG (D)Jacob Trouba
56.3%
LAK (D)Jake Muzzin
56.3%
MTL (RW)PA Parenteau
56.3%
CBJ (LW)Nick Foligno
56.3%
VAN (C)Nick Bonino
56.1%
OTT (LW)Clarke MacArthur
55.8%
FLA (C)Alex Barkov
55.8%
DAL (RW)Valeri Nichushkin
55.3%
NYI (C)Frans Nielsen
55.3%
WPG (C)Mark Scheifele
54.7%
NYI (C)Mikhail Grabovski
54.5%
OTT (G)Robin Lehner
54.5%
TOR (D)Jake Gardiner
53.9%
ANA (D)Hampus Lindholm
53.4%
CAR (C)Eilas Lindholm
53.4%
FLA (C)Nick Bjugstad
52.4%
ARZ (C)Martin Hanzal
52.1%
BUF (G)Michal Neuvirth
51.8%
BUF (RW)Chris Stewart
51.6%
FLA (LW)Jussi Jokinen
51.6%
LAK (LW)Tanner Pearson
51.6%
NAS (C)Colin Wilson
51.6%
TBL (D)Jason Garrison
51.3%
NYR (G)Cam Talbot
51.3%
ARZ (C)Antoine Vermette
51.1%
BOS (C)Carl Soderberg
50.8%
UFA (RW)Daniel Alfredsson
50.5%
WAS (RW)Troy Brouwer
50.3%
FLA (D)Aaron Ekblad
50%
ANA (RW)Jakub Silfverberg
48.4%
CBJ (RW)Cam Atkinson
47.9%
EDM (RW)Teddy Purcell
47.4%
CGY (LW)Johnny Gaudreau
47.1%
NJD (D)Marek Zidlicky
46.8%
NYI (C)Brock Nelson
46.8%
CHI (G)Antti Raanta
46.6%
CBJ (D)Ryan Murray
46.1%
TBL (G)Evgeni Nabokov
45.8%
CGY (D)TJ Brodie
45.5%
NAS (C)Derek Roy
45.3%
COL (LW)Alex Tanguay
44.5%
ANA (LW)Dany Heatley
44.5%
NYI (D)Lubomir Visnovsky
42.6%
CAR (LW)Jiri Tlusty
42.6%
NYI (C)Ryan Strome
42.6%
PHI (LW)RJ Umberger
42.1%
NJD (D)Eric Gelinas
41.8%
STL (C)Jori Lehtera
41.3%
TBL (D)Radko Gudas
40.3%
BUF (C)Sam Reinhart
38.9%
OTT (C)Mika Zibanejad
38.9%
SJS (D)Jason Demers
37.1%
TBL (LW)Alex Killorn
33.9%
WPG (RW)Michael Frolik
32.9%
DAL (LW)Antoine Roussel
32.4%
EDM (C)Leon Draisaitl
32.1%
PIT (RW)Steve Downie
31.3%
WAS (G)Justin Peters
31.1%
SJS (LW)Matt Nieto
29.5%
COL (LW)Jamie McGinn
27.6%
ANA (RW)Devante Smith-Pelley
24.7%
COL (D)Nick Holden
22.9%
MIN (RW)Charlie Coyle
18.4%

You're not logged in!

Compare scores with friends on all Sporcle quizzes.
OR
Log In

You Might Also Like...

Show Comments

Extras

Created Sep 2, 2014ReportNominate
Tags:NHL Quiz, 2014-2015, fantasy, player

Top Quizzes Today


Score Distribution

Your Account Isn't Verified!

In order to create a playlist on Sporcle, you need to verify the email address you used during registration. Go to your Sporcle Settings to finish the process.

Report this User

Report this user for behavior that violates our Community Guidelines.

Details: